Discographie de Pomme - Statistiques

Statistiques générales
  • Ce quiz a été pris 163 fois
    155 depuis la dernière actualisation
  • Le résultat moyen est 34 sur 70
Statistiques - réponses
Album Chanson % Correct
les failles anxiété
85%
les failles grandiose
82%
À peu près À peu près
78%
À peu près On brûlera
76%
À peu près Ceux qui rêvent
74%
les failles je sais pas danser
73%
consolation jardin
72%
les failles les séquoias
72%
À peu près Pauline
71%
les failles soleil soleil
71%
En cavale Sans toi
69%
consolation B.
64%
En cavale En cavale
64%
les failles cachées sorcières
64%
consolation la rivière
63%
consolation Nelly
63%
les failles les oiseaux
62%
consolation bleu
58%
les failles une minute
58%
À peu près La gare
56%
les failles pourquoi la mort te fait peur
56%
les failles chapelle
54%
les failles cachées 1996
53%
les failles la lumière
53%
En cavale Jane & John
51%
À peu près La lavande
51%
consolation septembre
51%
(Lot 2) consolation un million
50%
consolation dans mes rêves
49%
consolation allô
47%
En cavale J'suis pas dupe
47%
À peu près Ce garçon est une ville
45%
les failles cachées les cours d'eau
45%
À peu près Même robe qu'hier
45%
consolation tombeau
45%
(Lot 2) consolation very bad
45%
consolation puppy
44%
les failles cachées (halloween version) magie bleue
42%
les failles cachées vide
42%
consolation when I c u
42%
À peu près Adieu mon homme
41%
les failles cachées (halloween version) comme tu dis
41%
Saisons _dec carte de noël
41%
À peu près De là-haut
41%
Saisons _feb carte de noël
41%
Saisons _jan carte de noël
41%
les failles saphir
40%
les failles cachées (halloween version) chanson for my depressed love
38%
À peu près De quoi te plaire
38%
Saisons _apr le temps des fleurs
37%
Saisons _mar le temps des fleurs
37%
Saisons _may le temps des fleurs
37%
Saisons _nov magie mauve
37%
Saisons _oct magie mauve
37%
(Lot 2) consolation rdv
37%
(Lot 2) consolation rien pour toi
37%
Saisons _sept magie mauve
37%
Singles et autres 2019
36%
Saisons _aug perseides
36%
Saisons _jul perseides
36%
Saisons _jun perseides
36%
(Lot 2) consolation tout ça
36%
Singles et autres à perte de vue
33%
À peu près Comme si j'y croyais
33%
consolation 22:51
32%
À peu près A Lonely One
32%
Singles et autres Mon frère
21%
En cavale Je t'emmènerais bien
19%
Singles et autres Les animaux sont nos amis
19%
Singles et autres Itsumo Nando Demo (from Spirited Away)
14%
Aucun quiz correspondant
Distribution des résultats
% des personnes avec chaque résultat
Percentile par nombre de réponses
Votre historique - résultats
Vous n’avez pas pris ce quiz depuis la dernière actualisation